000 01249nam a2200313 i 4500
999 _c2703
_d2703
001 020423846
003 UkOxU
005 20230811100759.0
008 150420s2015 enka 000|0|eng|d
020 _a9780198354543 (pbk.) :
040 _aStDuBDS
_beng
_erda
_cStDuBDS
_dUkOxU
_dKH8
082 0 4 _a327.090 KEA
100 1 _aKearey, Kat,
_eauthor.
245 1 0 _aOxford AQA history A level and AS component 2.
_pInternational relations and global conflict c1890-1941 /
_cKat Kearey.
246 3 0 _aA level and AS component 2.
_pInternational relations and global conflict c1890-1941
246 3 0 _aInternational relations and global conflict c1890-1941
264 1 _aOxford :
_bOxford University Press,
_c2015.
300 _axvi, 223 pages :
_billustrations (colour) ;
_c7.68 x 0.43 x 10.43 inches.
336 _atext
_2rdacontent
336 _astill image
_2rdacontent
337 _aunmediated
_2rdamedia
338 _avolume
_2rdacarrier
490 1 _aOxford AQA history series
521 2 _aA-level.
650 0 _aInternational relations
_xHistory
_y19th century
_xExaminations
_vStudy guides.
650 0 _aInternational relations
_xHistory
_y20th century
_xExaminations
_vStudy guides.
830 0 _aOxford AQA history series.
942 _2ddc
_cTR